ბათუმის შოთა რუსთაველის სახელმწიფო უნივერსიტეტის ბიბლიოთეკა

Schätze aus Thrakien / (ბიბ.ჩანაწერი № 60488)

000 -LEADER
fixed length control field 00653nam a22001697a 4500
005 - DATE AND TIME OF LATEST TRANSACTION
control field 20230807161843.0
008 - FIXED-LENGTH DATA ELEMENTS--GENERAL INFORMATION
fixed length control field 230804s1985 gw ||||| |||| 00| 0 ger d
080 ## - UNIVERSAL DECIMAL CLASSIFICATION NUMBER
Universal Decimal Classification number 902 B-93
100 ## - MAIN ENTRY--PERSONAL NAME
Personal name Bülow, Gerda von
9 (RLIN) 19608
245 ## - TITLE STATEMENT
Title Schätze aus Thrakien /
Statement of responsibility, etc. Gerda von Bülow ; Aufnahmen Wolfgang G. Schröter
264 ## - PRODUCTION, PUBLICATION, DISTRIBUTION, MANUFACTURE, AND COPYRIGHT NOTICE
Place of production, publication, distribution, manufacture Leipzig :
Name of producer, publisher, distributor, manufacturer Edition Leipzig,
Date of production, publication, distribution, manufacture, or copyright notice 1985.
300 ## - PHYSICAL DESCRIPTION
Extent 145 p. :
Other physical details ill.
Dimensions 23 cm.
440 ## - SERIES STATEMENT/ADDED ENTRY--TITLE
Title Kulturgeschichtliche Miniaturen
9 (RLIN) 19609
521 ## - TARGET AUDIENCE NOTE
Target audience note ინდექსები: გვ. 144-145.
ბიბლიოგრაფია: გვ. 142-143.
700 ## - ADDED ENTRY--PERSONAL NAME
Personal name Schröter, Wolfgang G.
Relator term ავტორი
9 (RLIN) 19610
942 ## - ADDED ENTRY ELEMENTS (KOHA)
Source of classification or shelving scheme
Koha item type წიგნი
ეგზემპლარები
Withdrawn status Lost status Source of classification or shelving scheme Damaged status Not for loan Permanent Location Current Location Shelving location Date acquired Cost, normal purchase price Full call number Barcode Date last seen Copy number Uniform Resource Identifier Price effective from Koha item type Public note
          ბათუმის შოთა რუსთაველის სახელმწიფო უნივერსიტეტის მთავარი ბიბლიოთეკა ბათუმის შოთა რუსთაველის სახელმწიფო უნივერსიტეტის მთავარი ბიბლიოთეკა წიგნსაცავი 2023-08-04 1.00 902 B-93 65131 2023-08-04 65131 ბსუ-ს საპატიო დოქტორის გურამ ლორთქიფანიძის საჩუქარი 2023-08-04 წიგნი 12 ლ.